<?xml version="1.0" encoding="UTF-8"?>
<collection xmlns="http://www.loc.gov/MARC21/slim">
 <record>
  <leader>01693nam a22002417a 4500</leader>
  <controlfield tag="001">NCT_4_018774</controlfield>
  <controlfield tag="008">250512b        xxu||||| |||| 00| 0 vie d</controlfield>
  <datafield tag="999" ind1=" " ind2=" ">
   <subfield code="c">8908</subfield>
   <subfield code="d">8908</subfield>
  </datafield>
  <datafield tag="020" ind1=" " ind2=" ">
   <subfield code="c">58000</subfield>
  </datafield>
  <datafield tag="082" ind1="0" ind2="4">
   <subfield code="2">23rd ed.</subfield>
   <subfield code="a">428.24</subfield>
   <subfield code="b">Đ104T</subfield>
  </datafield>
  <datafield tag="245" ind1="0" ind2="0">
   <subfield code="a">Đàm thoại tiếng anh cho dịch vụ nhà hàng =</subfield>
   <subfield code="b">English conversation for restaurant service</subfield>
   <subfield code="c">Nguyễn Thành Yến (Biên dịch)</subfield>
  </datafield>
  <datafield tag="260" ind1=" " ind2=" ">
   <subfield code="a">Tp. Hồ Chí Minh</subfield>
   <subfield code="b">Tổng hợp</subfield>
   <subfield code="c">2011</subfield>
  </datafield>
  <datafield tag="300" ind1=" " ind2=" ">
   <subfield code="a">182 tr.</subfield>
   <subfield code="c">21cm</subfield>
  </datafield>
  <datafield tag="520" ind1="3" ind2=" ">
   <subfield code="a">Sách cung cấp tài liệu học tập cho những người làm việc trong lĩnh vực nhà hàng, giúp nâng cao kỹ năng giao tiếp tiếng Anh với khách nước ngoài</subfield>
  </datafield>
  <datafield tag="653" ind1=" " ind2=" ">
   <subfield code="a">Quản trị DV Du lịch và Lữ hành</subfield>
  </datafield>
  <datafield tag="700" ind1="1" ind2=" ">
   <subfield code="a">Nguyễn Thành Yến</subfield>
   <subfield code="e">Biên dịch</subfield>
  </datafield>
  <datafield tag="942" ind1=" " ind2=" ">
   <subfield code="2">ddc</subfield>
   <subfield code="c">BK</subfield>
  </datafield>
  <datafield tag="952" ind1=" " ind2=" ">
   <subfield code="0">0</subfield>
   <subfield code="1">0</subfield>
   <subfield code="2">ddc</subfield>
   <subfield code="4">0</subfield>
   <subfield code="6">428_240000000000000_Đ104T</subfield>
   <subfield code="7">0</subfield>
   <subfield code="9">30593</subfield>
   <subfield code="a">000001</subfield>
   <subfield code="b">000001</subfield>
   <subfield code="d">2025-05-12</subfield>
   <subfield code="o">428.24 Đ104T</subfield>
   <subfield code="p">MD.23818</subfield>
   <subfield code="r">2025-05-12</subfield>
   <subfield code="v">58000.00</subfield>
   <subfield code="w">2025-05-12</subfield>
   <subfield code="y">BK</subfield>
  </datafield>
  <datafield tag="952" ind1=" " ind2=" ">
   <subfield code="0">0</subfield>
   <subfield code="1">0</subfield>
   <subfield code="2">ddc</subfield>
   <subfield code="4">0</subfield>
   <subfield code="6">428_240000000000000_Đ104T</subfield>
   <subfield code="7">0</subfield>
   <subfield code="9">30594</subfield>
   <subfield code="a">000001</subfield>
   <subfield code="b">000001</subfield>
   <subfield code="d">2025-05-12</subfield>
   <subfield code="o">428.24 Đ104T</subfield>
   <subfield code="p">MD.23819</subfield>
   <subfield code="r">2025-05-12</subfield>
   <subfield code="v">58000.00</subfield>
   <subfield code="w">2025-05-12</subfield>
   <subfield code="y">BK</subfield>
  </datafield>
  <datafield tag="952" ind1=" " ind2=" ">
   <subfield code="0">0</subfield>
   <subfield code="1">0</subfield>
   <subfield code="2">ddc</subfield>
   <subfield code="4">0</subfield>
   <subfield code="6">428_240000000000000_Đ104T</subfield>
   <subfield code="7">0</subfield>
   <subfield code="9">30595</subfield>
   <subfield code="a">000001</subfield>
   <subfield code="b">000001</subfield>
   <subfield code="d">2025-05-12</subfield>
   <subfield code="o">428.24 Đ104T</subfield>
   <subfield code="p">MD.23820</subfield>
   <subfield code="r">2025-05-12</subfield>
   <subfield code="v">58000.00</subfield>
   <subfield code="w">2025-05-12</subfield>
   <subfield code="y">BK</subfield>
  </datafield>
  <datafield tag="952" ind1=" " ind2=" ">
   <subfield code="0">0</subfield>
   <subfield code="1">0</subfield>
   <subfield code="2">ddc</subfield>
   <subfield code="4">0</subfield>
   <subfield code="6">428_240000000000000_Đ104T</subfield>
   <subfield code="7">0</subfield>
   <subfield code="9">30596</subfield>
   <subfield code="a">000001</subfield>
   <subfield code="b">000001</subfield>
   <subfield code="d">2025-05-12</subfield>
   <subfield code="o">428.24 Đ104T</subfield>
   <subfield code="p">MD.23821</subfield>
   <subfield code="r">2025-05-12</subfield>
   <subfield code="v">58000.00</subfield>
   <subfield code="w">2025-05-12</subfield>
   <subfield code="y">BK</subfield>
  </datafield>
  <datafield tag="952" ind1=" " ind2=" ">
   <subfield code="0">0</subfield>
   <subfield code="1">0</subfield>
   <subfield code="2">ddc</subfield>
   <subfield code="4">0</subfield>
   <subfield code="6">428_240000000000000_Đ104T</subfield>
   <subfield code="7">0</subfield>
   <subfield code="9">30597</subfield>
   <subfield code="a">000001</subfield>
   <subfield code="b">000001</subfield>
   <subfield code="d">2025-05-12</subfield>
   <subfield code="o">428.24 Đ104T</subfield>
   <subfield code="p">MD.23822</subfield>
   <subfield code="r">2025-05-12</subfield>
   <subfield code="v">58000.00</subfield>
   <subfield code="w">2025-05-12</subfield>
   <subfield code="y">BK</subfield>
  </datafield>
  <datafield tag="980" ind1=" " ind2=" ">
   <subfield code="a">Thư viện Trường Đại học Nam Cần Thơ</subfield>
  </datafield>
 </record>
</collection>
